000
00313nam a22001337a 4500
008
170714b xxu||||| |||| 00| 0 eng d
020
_a
9780195210835
041
_a
eng
080
_a
030
100
_a
26
101
_a
FJA
245
_a
THE BIOGRAPHICAL DICTIONARY SCIENTES
_c
PORTER.R
942
_2
udc
_c
BK
999
_c
20944
_d
20944